000 00297nam a22001337a 4500
008 170629b xxu||||| |||| 00| 0 eng d
020 _a9780918535061
041 _aeng
080 _a82
100 _a22
101 _aGJL
245 _aWORDS THAT MAKE A DIFFERENCE
_cGREENMAN,R
942 _2udc
_cBK
999 _c19487
_d19487